[Event "Quebec op"]
[Site "Montreal CAN"]
[Date "2016.07.25"]
[Round "4.1"]
[White "Roussel-Roozmon, Thomas"]
[Black "Sambuev, Bator"]
[Result "0-1"]
[WhiteElo "2454"]
[BlackElo "2554"]
[PlyCount "80"]
[EventDate "2016.07.23"]
[EventType "swiss"]
[EventRounds "8"]
[EventCountry "CAN"]

1. d4 Nf6 2. c4 e6 3. g3 Bb4+ 4. Bd2 Bxd2+ 5. Nxd2 d6 6. Bg2 O-O 7. Ngf3 Qe7 8.
O-O e5 9. e4 a5 10. Qc2 Bg4 11. h3 Bxf3 12. Nxf3 Nc6 13. Rad1 a4 14. d5 Nb4 15.
Qc3 Na6 16. Nd2 c6 17. b4 axb3 18. axb3 Qc7 19. Ra1 cxd5 20. exd5 Nd7 21. Qa5
f5 22. Ra2 b6 23. Qb5 Nac5 24. Rfa1 Rxa2 25. Rxa2 e4 26. Qc6 Qb8 27. b4 Ne5 28.
Qb5 Ncd7 29. Nb3 Qc7 30. Nd2 h5 31. Bf1 h4 32. Be2 Qd8 33. Nf1 hxg3 34. fxg3
Qg5 35. Qa4 f4 36. Qb3 Nf6 37. Kh2 e3 38. Bd1 Ne4 39. g4 Qh4 40. Qc2 Nf2 0-1

[Event "Quebec op"]
[Site "Montreal CAN"]
[Date "2016.07.26"]
[Round "5.3"]
[White "Caire, Francois"]
[Black "Roussel-Roozmon, Thomas"]
[Result "0-1"]
[WhiteElo "2161"]
[BlackElo "2454"]
[PlyCount "80"]
[EventDate "2016.07.23"]
[EventType "swiss"]
[EventRounds "8"]
[EventCountry "CAN"]

1. d4 Nf6 2. c4 e6 3. Nc3 Bb4 4. e3 O-O 5. Bd3 d5 6. a3 Bxc3+ 7. bxc3 dxc4 8.
Bxc4 c5 9. Nf3 Qc7 10. Ba2 Nc6 11. O-O e5 12. h3 h6 13. Bb2 Bf5 14. Qe2 Be4 15.
Nd2 Bg6 16. d5 Nb8 17. c4 Re8 18. Bb1 Bxb1 19. Raxb1 Nbd7 20. e4 Re7 21. g3 Ne8
22. f4 Nd6 23. f5 Qa5 24. g4 Rb8 25. h4 b5 26. g5 hxg5 27. hxg5 bxc4 28. f6
Ree8 29. fxg7 Kxg7 30. Nxc4 Qa6 31. Qh2 Nxc4 32. Rf6 Rb6 33. Rbf1 Rxf6 34. Rxf6
Qa5 35. Qh6+ Kg8 36. Rf2 Qe1+ 37. Kg2 Qxe4+ 38. Kg1 Qb1+ 39. Kh2 Qg6 40. Qh3
Qh7 0-1

[Event "Quebec op"]
[Site "Montreal CAN"]
[Date "2016.07.28"]
[Round "7.4"]
[White "Roussel-Roozmon, Thomas"]
[Black "Berube, Antoine"]
[Result "1-0"]
[WhiteElo "2454"]
[BlackElo "2129"]
[PlyCount "53"]
[EventDate "2016.07.23"]
[EventType "swiss"]
[EventRounds "8"]
[EventCountry "CAN"]

1. d4 Nf6 2. c4 e6 3. Nc3 Bb4 4. e3 Bxc3+ 5. bxc3 d6 6. Bd3 Nbd7 7. Ne2 O-O 8.
O-O b6 9. e4 Bb7 10. Ng3 h6 11. f4 e5 12. Qf3 Kh7 13. Nf5 Ng8 14. Qh3 f6 15.
Bd2 Qe8 16. Rae1 Ba6 17. Re3 Rf7 18. Rg3 Nf8 19. fxe5 dxe5 20. Rxg7+ Rxg7 21.
Bxh6 Rxg2+ 22. Kxg2 Ne6 23. Bg7+ Kg6 24. Be2 Nxg7 25. Qg4+ Kf7 26. Qxg7+ Ke6
27. d5# 1-0

[Event "Quebec op"]
[Site "Montreal CAN"]
[Date "2016.07.29"]
[Round "8.3"]
[White "Roussel-Roozmon, Thomas"]
[Black "Hirschberg, Valerian"]
[Result "1-0"]
[WhiteElo "2454"]
[BlackElo "2359"]
[PlyCount "137"]
[EventDate "2016.07.23"]
[EventType "swiss"]
[EventRounds "8"]
[EventCountry "CAN"]

1. Nf3 Nf6 2. g3 c5 3. Bg2 g6 4. O-O Bg7 5. d4 cxd4 6. Nxd4 Nc6 7. c4 O-O 8.
Nc3 Nxd4 9. Qxd4 d6 10. Qd3 Bf5 11. e4 Bg4 12. Bd2 Qd7 13. Rfe1 Rfc8 14. Rac1
a5 15. b3 Bh3 16. Bh1 Qd8 17. Qe2 Nd7 18. Be3 Nc5 19. Red1 Bd7 20. f4 Rab8 21.
Qf2 b6 22. Bf3 Qe8 23. Qe1 Bc6 24. Bf2 Qd7 25. Qe2 Qb7 26. Kg2 Rd8 27. Re1 Ne6
28. Qd1 Nc5 29. Qe2 Ne6 30. Qd2 Nc5 31. Qe3 f5 32. exf5 Bxf3+ 33. Qxf3 Qxf3+
34. Kxf3 Nd3 35. fxg6 Nxe1+ 36. Bxe1 hxg6 37. Nd5 Rd7 38. Bf2 Rdb7 39. a4 e6
40. Nc3 Bxc3 41. Rxc3 Rc8 42. Re3 Kf7 43. Ke4 d5+ 44. cxd5 exd5+ 45. Kxd5 Rd7+
46. Ke4 Rd2 47. Kf3 Rcc2 48. Be1 Rxh2 49. Bc3 Rhf2+ 50. Kg4 Rfe2 51. Rd3 Re7
52. Be5 Rc6 53. Kg5 Rce6 54. Rd5 Rc6 55. g4 Re8 56. Rd7+ Re7 57. Rd3 Re8 58.
Rh3 Rg8 59. Rh7+ Ke6 60. Bg7 Kd5 61. Bf6 Rf8 62. Be5 Rg8 63. Rf7 Kc5 64. Rf6
Rxf6 65. Kxf6 Kd5 66. Kf7 Rc8 67. Kxg6 Ke4 68. Kf7 Rc1 69. g5 1-0

[Event "Carnaval"]
[Site "Quebec CAN"]
[Date "2016.02.20"]
[Round "2"]
[White "Roussel-Roozmon, Thomas"]
[Black "Song, Sam"]
[Result "1/2-1/2"]
[WhiteElo "2440"]
[BlackElo "2239"]
[PlyCount "45"]
[EventDate "2016.02.19"]
[EventType "swiss"]
[EventRounds "5"]
[EventCountry "CAN"]
[TimeControl "900+2"]

1. c4 Nf6 2. g3 c6 3. Bg2 d5 4. Nf3 dxc4 5. a4 Nbd7 6. Na3 e5 7. Nxc4 e4 8. Ng5
Nc5 9. d4 Ne6 10. O-O Qd5 11. Ne5 Nxg5 12. Bxg5 Bd6 13. Qc2 Bxe5 14. dxe5 Qxe5
15. Bxf6 Qxf6 16. Bxe4 h5 17. Qc3 Qxc3 18. bxc3 Be6 19. Rfd1 Rd8 20. Rd4 Rxd4
21. cxd4 Kd7 22. h4 b6 23. Kf1 1/2-1/2

[Event "Carnaval"]
[Site "Quebec CAN"]
[Date "2016.02.20"]
[Round "3"]
[White "Roussel-Roozmon, Thomas"]
[Black "Caire, Francois"]
[Result "1/2-1/2"]
[WhiteElo "2440"]
[BlackElo "2243"]
[PlyCount "124"]
[EventDate "2016.02.19"]
[EventType "swiss"]
[EventRounds "5"]
[EventCountry "CAN"]

1. c4 e5 2. g3 Nf6 3. Bg2 d5 4. cxd5 Nxd5 5. Nc3 Nb6 6. Nf3 Nc6 7. O-O Be7 8.
a3 O-O 9. b4 Re8 10. d3 Bf8 11. Bb2 a5 12. b5 Nd4 13. Nd2 c6 14. bxc6 Nxc6 15.
Rc1 a4 16. Nce4 Be6 17. Nc5 Bxc5 18. Rxc5 Bd5 19. Qb1 Bxg2 20. Kxg2 Ra5 21. Qc2
Nd7 22. Rxa5 Qxa5 23. Rb1 Qa8 24. Ne4 b5 25. Kg1 Rb8 26. Rc1 Rb6 27. Nd6 h6 28.
Ba1 b4 29. axb4 Nxb4 30. Qc8+ Qxc8 31. Rxc8+ Kh7 32. Nc4 Rb7 33. Nxe5 Nxe5 34.
Bxe5 Ra7 35. Bd6 Nd5 36. Ba3 Nc7 37. Rb8 Kg6 38. Rb6+ f6 39. Kf1 Ra5 40. Ke1
Rb5 41. Rxb5 Nxb5 42. Bb2 h5 43. h3 h4 44. g4 Kf7 45. Kd2 Ke6 46. d4 g6 47. e4
f5 48. gxf5+ gxf5 49. f3 a3 50. Ba1 fxe4 51. fxe4 Nd6 52. d5+ Ke7 53. Ke3 a2
54. e5 Nc4+ 55. Kd3 Nb6 56. Kd4 Nd7 57. Kc4 Nf8 58. Kc5 Kd7 59. e6+ Ke7 60. Kc6
Nxe6 61. dxe6 Kxe6 62. Kc5 Kf5 1/2-1/2

[Event "Carnaval"]
[Site "Quebec CAN"]
[Date "2016.02.21"]
[Round "5"]
[White "Roussel-Roozmon, Thomas"]
[Black "Dorrance, Adam"]
[Result "1-0"]
[WhiteElo "2440"]
[BlackElo "2284"]
[PlyCount "119"]
[EventDate "2016.02.19"]
[EventType "swiss"]
[EventRounds "5"]
[EventCountry "CAN"]

1. d4 Nf6 2. c4 e6 3. Nc3 Bb4 4. Qc2 O-O 5. a3 Bxc3+ 6. Qxc3 b5 7. cxb5 c6 8.
Bg5 cxb5 9. e3 Bb7 10. Nf3 h6 11. Bh4 g5 12. Bg3 Ne4 13. Qd3 a6 14. Nd2 f5 15.
Nxe4 Bxe4 16. Qd2 Nc6 17. f3 Na5 18. Qb4 Nc6 19. Qd2 Na5 20. Qb4 Nc6 21. Qc5
Bd5 22. Bd3 Rc8 23. Qd6 Qe7 24. Qxe7 Nxe7 25. Bd6 Rfe8 26. Ke2 Nc6 27. b4 f4
28. Rac1 fxe3 29. Kxe3 Na7 30. Bc5 Nc6 31. h4 Ne7 32. hxg5 hxg5 33. Bxe7 Rxc1
34. Rxc1 Rxe7 35. Rc7 g4 36. Ra7 Rf7 37. Bg6 Rg7 38. Be4 gxf3 39. Bxf3 Bxf3 40.
gxf3 Rg1 41. Rxa6 Ra1 42. Ra5 Kf7 43. Kd2 Ra2+ 44. Kc1 Ke7 45. Kb1 Rf2 46. Rxb5
Rxf3 47. a4 Rd3 48. a5 Kd6 49. Kc2 Rxd4 50. a6 Rc4+ 51. Kd3 Rc7 52. Rb6+ Rc6
53. a7 Rxb6 54. a8=Q Kc7 55. Qa7+ Kc6 56. Qa4+ Kc7 57. Qa7+ Kc6 58. Kc4 d6 59.
Qe7 e5 60. b5+ 1-0

[Event "Montreal op"]
[Site "Montreal CAN"]
[Date "2015.09.11"]
[Round "1.3"]
[White "Turcotte, Jonathan"]
[Black "Roussel-Roozmon, Thomas"]
[Result "0-1"]
[WhiteElo "2102"]
[BlackElo "2466"]
[PlyCount "52"]
[EventDate "2015.09.12"]
[EventType "swiss"]
[EventRounds "5"]
[EventCountry "CAN"]

1. d4 Nf6 2. Nf3 e6 3. c4 c5 4. d5 exd5 5. cxd5 d6 6. Nc3 g6 7. e4 a6 8. a4 Bg4
9. Be2 Bxf3 10. Bxf3 Nbd7 11. O-O Bg7 12. Re1 O-O 13. Bf4 Ne8 14. Qd2 Be5 15.
Bg5 f6 16. Bh6 Ng7 17. Be2 f5 18. f4 Bd4+ 19. Kh1 Re8 20. Bd3 Qf6 21. Rab1 Rac8
22. Re2 Qf7 23. Rbe1 Bxc3 24. bxc3 fxe4 25. Bxg7 exd3 26. Qxd3 Kxg7 0-1

[Event "Montreal op"]
[Site "Montreal CAN"]
[Date "2015.09.12"]
[Round "2.3"]
[White "Roussel-Roozmon, Thomas"]
[Black "Sprumont, Oscar"]
[Result "1-0"]
[WhiteElo "2466"]
[BlackElo "2192"]
[PlyCount "57"]
[EventDate "2015.09.12"]
[EventType "swiss"]
[EventRounds "5"]
[EventCountry "CAN"]

1. c4 Nf6 2. g3 g6 3. Bg2 d5 4. cxd5 Nxd5 5. Nc3 Nxc3 6. bxc3 Bg7 7. Nf3 Nd7 8.
Rb1 O-O 9. O-O c6 10. Qc2 Re8 11. d3 Qc7 12. a4 e5 13. Ba3 Nf6 14. Nd2 Be6 15.
Rb2 Rad8 16. Rfb1 Bc8 17. Nc4 Nd5 18. e4 Ne7 19. a5 Kh8 20. Bc5 Qb8 21. Qd2 Ng8
22. Qe3 Bh6 23. Bxa7 Qa8 24. f4 Rxd3 25. Qxd3 Qxa7+ 26. Kh1 exf4 27. Nd6 Rf8
28. Qd4+ Qxd4 29. cxd4 1-0

[Event "Montreal op"]
[Site "Montreal CAN"]
[Date "2015.09.13"]
[Round "4.4"]
[White "Roussel-Roozmon, Thomas"]
[Black "Libersan, Thierry"]
[Result "1-0"]
[WhiteElo "2466"]
[BlackElo "2127"]
[PlyCount "133"]
[EventDate "2015.09.12"]
[EventType "swiss"]
[EventRounds "5"]
[EventCountry "CAN"]

1. c4 Nf6 2. g3 g6 3. Bg2 Bg7 4. Nc3 O-O 5. e4 d6 6. Nge2 c5 7. O-O Nc6 8. d3
a6 9. h3 Rb8 10. a4 Ne8 11. Be3 Nc7 12. d4 cxd4 13. Nxd4 Ne6 14. Nde2 Bd7 15.
b3 Na5 16. Bd2 Nc6 17. Rb1 Ncd4 18. Nxd4 Nxd4 19. Nd5 e6 20. Nb4 a5 21. Nc2
Nxc2 22. Qxc2 Bc6 23. Rbd1 Qc7 24. Bc1 Rfd8 25. Rd3 b6 26. Rfd1 Rd7 27. Ba3
Rbd8 28. f4 Bf8 29. Qe2 Qb7 30. h4 h5 31. Kh2 Qa8 32. R1d2 Qb7 33. Qe3 Qc7 34.
Qd4 e5 35. Qf2 Qb7 36. Qe3 exf4 37. Qxf4 Re8 38. Bb2 Bg7 39. Bxg7 Kxg7 40. Rxd6
Rxd6 41. Rxd6 Bxe4 42. Qf6+ Kh7 43. Rxb6 Qd7 44. Rd6 Qb7 45. Bxe4 Rxe4 46. Rd2
Re1 47. Rg2 Rd1 48. Qf4 Rb1 49. c5 Qd5 50. c6 Qxc6 51. Qxf7+ Kh8 52. Qf8+ Kh7
53. Qf7+ Kh6 54. Qf8+ Kh7 55. Qe7+ Kg8 56. Qd8+ Kh7 57. Qxa5 Qe4 58. Qc7+ Kg8
59. Qc4+ Qxc4 60. bxc4 Ra1 61. Rc2 Rxa4 62. c5 Ra7 63. c6 Rc7 64. Kg2 Kf7 65.
Kf3 Ke7 66. Kf4 Kf6 67. Rc3 1-0

[Event "Montreal op"]
[Site "Montreal CAN"]
[Date "2015.09.13"]
[Round "5.2"]
[White "Bolduc, Steve"]
[Black "Roussel-Roozmon, Thomas"]
[Result "1/2-1/2"]
[WhiteElo "2228"]
[BlackElo "2466"]
[PlyCount "68"]
[EventDate "2015.09.12"]
[EventType "swiss"]
[EventRounds "5"]
[EventCountry "CAN"]

1. c4 c5 2. g3 Nc6 3. Bg2 g6 4. Nc3 Bg7 5. e4 d6 6. Nge2 a6 7. d3 Nf6 8. O-O
O-O 9. h3 Rb8 10. a4 Ne8 11. Be3 Nc7 12. d4 cxd4 13. Nxd4 Ne6 14. Nde2 Bd7 15.
Rb1 Na5 16. b3 b5 17. axb5 axb5 18. cxb5 Bxb5 19. Nxb5 Rxb5 20. b4 Nc4 21. Qd3
Nxe3 22. Qxb5 Nxf1 23. Bxf1 Qa8 24. Qd5 Qa7 25. Kg2 Rc8 26. b5 Qb6 27. Rc1 Rb8
28. Nf4 Nc5 29. Qc6 e6 30. Rd1 Be5 31. Qxb6 Rxb6 32. Nd3 Nxe4 33. Nxe5 dxe5 34.
Rc1 Nf6 1/2-1/2

[Event "Varennes"]
[Site "Varennes CAN"]
[Date "2013.11.08"]
[Round "1"]
[White "Cloutier, Mario"]
[Black "Roussel-Roozmon, Thomas"]
[Result "0-1"]
[WhiteElo "2048"]
[BlackElo "2445"]
[PlyCount "128"]
[EventDate "2013.11.08"]
[EventType "swiss"]
[EventRounds "5"]
[EventCountry "CAN"]

1. d4 Nf6 2. c4 e6 3. Nc3 Bb4 4. e3 O-O 5. Nge2 Re8 6. a3 Bf8 7. Ng3 d5 8. Bd3
c5 9. cxd5 exd5 10. O-O Nc6 11. dxc5 Bxc5 12. b4 Bf8 13. Ra2 a5 14. b5 Ne5 15.
Bc2 Bg4 16. f3 Be6 17. Qd4 Ned7 18. Kh1 Rc8 19. Nce2 Bc5 20. Qa1 Qb6 21. Nd4
Bxd4 22. Qxd4 Qxb5 23. Rb2 Qc4 24. Bd3 Qxd4 25. exd4 Rc3 26. Rd1 Rec8 27. Bf4
Rxa3 28. Rxb7 a4 29. h3 Ra8 30. Bd6 Rc3 31. Ne2 Rc6 32. Ba3 Rb6 33. Rb1 Rxb1+
34. Bxb1 Nb8 35. Nc3 Nc6 36. Nb5 Na5 37. Nc7 Rc8 38. Ra7 Nc6 39. Rb7 Nxd4 40.
Na6 Nb3 41. Bd3 Bd7 42. Bb2 Bc6 43. Rb4 Nd7 44. Ba3 Ndc5 45. Nxc5 Nxc5 46. Bf5
Ne6 47. Rb6 g6 48. Bc2 Be8 49. Bd1 d4 50. Kg1 Kg7 51. Kf2 Kf6 52. f4 Kf5 53. g3
Ke4 54. Bf3+ Kd3 55. Be2+ Kc2 56. Ke1 d3 57. Rb2+ Kc3 58. Bd1 Nd4 59. Rb7 Bb5
60. Bc1 Re8+ 61. Kf2 d2 62. Rc7+ Kd3 63. Bb2 Re1 64. Rc3+ Ke4 0-1

[Event "Quebec op inv."]
[Site "Montreal CAN"]
[Date "2013.07.21"]
[Round "2.7"]
[White "Roussel-Roozmon, Thomas"]
[Black "Chandra, Akshat"]
[Result "1-0"]
[WhiteElo "2476"]
[BlackElo "2312"]
[PlyCount "85"]
[EventDate "2013.07.21"]
[EventType "swiss"]
[EventRounds "9"]
[EventCountry "CAN"]

1. c4 e6 2. Nf3 Nf6 3. g3 d5 4. d4 dxc4 5. Bg2 Nc6 6. Qa4 Nd7 7. Qxc4 Nb6 8.
Qd3 e5 9. Be3 exd4 10. Nxd4 Nxd4 11. Qxd4 Qxd4 12. Bxd4 c5 13. Be5 f6 14. Bf4
Nc4 15. b3 Nd6 16. Nc3 g5 17. Be3 Nf5 18. Bd2 Be7 19. Nd5 Rb8 20. h4 gxh4 21.
Bf4 Bd6 22. Bxd6 Nxd6 23. Rxh4 Kf7 24. Rd1 Be6 25. Rf4 Ne8 26. Ra4 a6 27. Ra5
c4 28. bxc4 Nd6 29. Rc5 Rhc8 30. Rxc8 Nxc8 31. c5 Ne7 32. Nb6 Ke8 33. a3 Kf7
34. Rd6 Nc8 35. Rd8 Ke7 36. Rh8 h6 37. Kd2 f5 38. Ke3 Kf7 39. Kf4 Kg7 40. Rd8
Kf7 41. Bh3 Kf6 42. Rf8+ Ke7 43. Rh8 1-0

[Event "Quebec op inv."]
[Site "Montreal CAN"]
[Date "2013.07.23"]
[Round "4"]
[White "Roussel-Roozmon, Thomas"]
[Black "Bruzon Batista, Lazaro"]
[Result "0-1"]
[WhiteElo "2476"]
[BlackElo "2689"]
[PlyCount "52"]
[EventDate "2013.07.21"]
[EventType "swiss"]
[EventRounds "9"]
[EventCountry "CAN"]

1. d4 Nf6 2. c4 g6 3. Nc3 Bg7 4. e4 d6 5. Bd3 O-O 6. Nge2 Nbd7 7. Bc2 a6 8. O-O
c5 9. d5 Ne5 10. b3 b5 11. cxb5 axb5 12. Nxb5 Ba6 13. Nec3 Ne8 14. Bg5 Nc7 15.
a4 Qd7 16. Nxc7 Qxc7 17. Re1 Nd3 18. Bxd3 Bxc3 19. Bxa6 Rxa6 20. Qd3 Qa5 21.
Rec1 Bxa1 22. Rxa1 Ra7 23. Bd2 Qa6 24. Qxa6 Rxa6 25. a5 Rb8 26. Ra3 Ra7 0-1

[Event "Quebec op inv."]
[Site "Montreal CAN"]
[Date "2013.07.24"]
[Round "5.9"]
[White "Perez, Rodney"]
[Black "Roussel-Roozmon, Thomas"]
[Result "1/2-1/2"]
[WhiteElo "2364"]
[BlackElo "2476"]
[PlyCount "80"]
[EventDate "2013.07.21"]
[EventType "swiss"]
[EventRounds "9"]
[EventCountry "CAN"]

1. e4 g6 2. d4 Bg7 3. Nf3 d6 4. Nc3 a6 5. Be2 b5 6. O-O Bb7 7. Re1 Nd7 8. a4 b4
9. Nd5 Bxd5 10. exd5 Ngf6 11. Bc4 Nb6 12. Qd3 Nxc4 13. Qxc4 O-O 14. Bd2 Rb8 15.
Qxa6 Nxd5 16. Qc6 e6 17. a5 Qe8 18. Qxe8 Rfxe8 19. c4 bxc3 20. bxc3 Kf8 21.
Reb1 Ke7 22. Kf1 Kd7 23. Ke2 Rxb1 24. Rxb1 Ra8 25. c4 Ne7 26. Kd3 Bf6 27. Bc3
h5 28. Nd2 d5 29. Nb3 dxc4+ 30. Kxc4 Nd5 31. Nc5+ Kc6 32. Bd2 Be7 33. Nd3 Bd6
34. Ne5+ Bxe5 35. dxe5 Ne7 36. h3 Kd7 37. Bc3 Nd5 38. Bd2 Ne7 39. Bc3 Nd5 40.
Bd2 Ne7 1/2-1/2

[Event "Quebec op inv."]
[Site "Montreal CAN"]
[Date "2013.07.25"]
[Round "6.8"]
[White "Roussel-Roozmon, Thomas"]
[Black "Arencibia, Walter"]
[Result "0-1"]
[WhiteElo "2476"]
[BlackElo "2526"]
[PlyCount "46"]
[EventDate "2013.07.21"]
[EventType "swiss"]
[EventRounds "9"]
[EventCountry "CAN"]

1. d4 Nf6 2. c4 e6 3. Nc3 Bb4 4. Qc2 c5 5. dxc5 Bxc5 6. Nf3 Qb6 7. e3 Qc7 8. b3
b6 9. Bb2 a6 10. g4 Bb7 11. Be2 h6 12. Rg1 Nc6 13. h4 d5 14. g5 hxg5 15. hxg5
Nb4 16. Qb1 Ne4 17. a3 Nxf2 18. Kxf2 Rh2+ 19. Nxh2 Qxh2+ 20. Rg2 Bxe3+ 21. Kxe3
d4+ 22. Kd2 Qf4+ 23. Ke1 Bxg2 0-1

[Event "Quebec op inv."]
[Site "Montreal CAN"]
[Date "2013.07.26"]
[Round "7.12"]
[White "Kleinman, Michael"]
[Black "Roussel-Roozmon, Thomas"]
[Result "1/2-1/2"]
[WhiteElo "2298"]
[BlackElo "2476"]
[PlyCount "64"]
[EventDate "2013.07.21"]
[EventType "swiss"]
[EventRounds "9"]
[EventCountry "CAN"]

1. e4 g6 2. d4 Bg7 3. Nc3 d6 4. Be3 a6 5. f4 b5 6. Bd3 Bb7 7. Nf3 Nd7 8. e5 c5
9. Be4 Bxe4 10. Nxe4 Nh6 11. dxc5 Nf5 12. Bf2 dxe5 13. fxe5 Nxe5 14. Qxd8+ Rxd8
15. Nxe5 Bxe5 16. c3 a5 17. Ke2 b4 18. Rac1 Kd7 19. cxb4 axb4 20. Rc4 Bxb2 21.
Rxb4 Rb8 22. Rb6 Nd4+ 23. Kd3 Nc6 24. Kc4 Be5 25. Ng5 Rhc8 26. Kb3 Ke8 27. a4
Bd4 28. Bxd4 Nxd4+ 29. Kb4 Nc2+ 30. Kb5 Nd4+ 31. Kb4 Nc2+ 32. Kb5 Nd4+ 1/2-1/2

[Event "Quebec op inv."]
[Site "Montreal CAN"]
[Date "2013.07.27"]
[Round "8.13"]
[White "Roussel-Roozmon, Thomas"]
[Black "Leveille, Francois"]
[Result "1-0"]
[WhiteElo "2476"]
[BlackElo "2279"]
[PlyCount "78"]
[EventDate "2013.07.21"]
[EventType "swiss"]
[EventRounds "9"]
[EventCountry "CAN"]

1. d4 d5 2. c4 e6 3. Nf3 c5 4. cxd5 exd5 5. g3 Nf6 6. Bg2 Be7 7. O-O O-O 8. Nc3
Nc6 9. dxc5 Bxc5 10. Na4 Be7 11. Be3 Bg4 12. h3 Bxf3 13. Bxf3 Qd7 14. Bg2 Rad8
15. Nc5 Bxc5 16. Bxc5 Rfe8 17. e3 Ne4 18. Rc1 Qf5 19. Bd4 h6 20. b3 Re6 21. Bb2
h5 22. a3 a6 23. b4 Red6 24. Qc2 Rg6 25. Rfd1 Rdd6 26. Rf1 Qe6 27. h4 Qe7 28.
Qe2 Rg4 29. Rc2 Re6 30. Qf3 Ne5 31. Bxe5 Rxe5 32. Bh3 f5 33. Bxg4 fxg4 34. Rc8+
Kh7 35. Qf8 Qxf8 36. Rxf8 Nd2 37. Rd1 Nc4 38. Rd8 Nxa3 39. R1xd5 Re6 1-0

[Event "Quebec op inv."]
[Site "Montreal CAN"]
[Date "2013.07.28"]
[Round "9.11"]
[White "Porper, Edward"]
[Black "Roussel-Roozmon, Thomas"]
[Result "1-0"]
[WhiteElo "2453"]
[BlackElo "2476"]
[PlyCount "53"]
[EventDate "2013.07.21"]
[EventType "swiss"]
[EventRounds "9"]
[EventCountry "CAN"]

1. d4 d5 2. c4 c6 3. Nc3 Nf6 4. Nf3 a6 5. e3 e6 6. b3 Bb4 7. Bd2 O-O 8. Bd3
Nbd7 9. O-O Bd6 10. Qc2 e5 11. cxd5 cxd5 12. e4 dxe4 13. Nxe4 Nxe4 14. Bxe4 h6
15. dxe5 Nxe5 16. Nxe5 Bxe5 17. Rac1 Rb8 18. Rfe1 Qd6 19. h3 Be6 20. Be3 b6 21.
Qe2 a5 22. Rc6 Qb4 23. Bd2 Qe7 24. Bb1 Bf6 25. Qe4 g6 26. Bxh6 Rfc8 27. Bf4 1-0

[Event "Mauricie op"]
[Site "Trois-Rivieres CAN"]
[Date "2013.03.15"]
[Round "1"]
[White "Libersan, Thierry"]
[Black "Roussel-Roozmon, Thomas"]
[Result "0-1"]
[WhiteElo "2079"]
[BlackElo "2466"]
[PlyCount "58"]
[EventDate "2013.03.15"]
[EventType "swiss"]
[EventRounds "5"]
[EventCountry "CAN"]

1. e4 e5 2. Nf3 Nc6 3. Bb5 a6 4. Ba4 Nf6 5. O-O Nxe4 6. d4 b5 7. Bb3 d5 8. dxe5
Be6 9. c3 Bc5 10. Qe2 O-O 11. Be3 f6 12. exf6 Qxf6 13. Nbd2 Bd6 14. a4 Rab8 15.
axb5 axb5 16. Ra6 Ne7 17. g3 Nxd2 18. Nxd2 Nf5 19. Bc5 Kh8 20. Bxd6 Nxd6 21. f4
b4 22. Rc6 bxc3 23. bxc3 Bd7 24. Rxc7 Bb5 25. c4 dxc4 26. Bxc4 Nxc4 27. Nxc4
Rfc8 28. Rxc8+ Rxc8 29. Qe5 Bxc4 0-1

[Event "Mauricie op"]
[Site "Trois-Rivieres CAN"]
[Date "2013.03.16"]
[Round "3"]
[White "Roussel-Roozmon, Thomas"]
[Black "Bolduc, Steve"]
[Result "1-0"]
[WhiteElo "2466"]
[BlackElo "2215"]
[PlyCount "97"]
[EventDate "2013.03.15"]
[EventType "swiss"]
[EventRounds "5"]
[EventCountry "CAN"]

1. Nf3 c5 2. c4 g6 3. e4 Nc6 4. d4 cxd4 5. Nxd4 Nf6 6. Nc3 d6 7. Be2 Nxd4 8.
Qxd4 Bg7 9. Bg5 O-O 10. Qd2 Be6 11. Rc1 Qa5 12. O-O Rfc8 13. b3 a6 14. f4 b5
15. f5 Bd7 16. e5 b4 17. exf6 bxc3 18. Qxc3 Qxc3 19. Rxc3 exf6 20. Bf4 d5 21.
Bf3 dxc4 22. Bxa8 Rxa8 23. bxc4 Bxf5 24. c5 Be4 25. Rd1 f5 26. Rc4 Bc6 27. Rb4
Bf8 28. Bd6 Rd8 29. Rb6 Bb5 30. Kf2 Rc8 31. Bxf8 Kxf8 32. Rc1 Rc7 33. Rd6 Ke7
34. Re1+ Kf8 35. Re5 Kg7 36. Ke3 f6 37. Red5 Kf7 38. Rb6 Re7+ 39. Kd4 Re4+ 40.
Kc3 Rc4+ 41. Kb3 Ke7 42. Rb7+ Ke6 43. Rd6+ Ke5 44. Re7+ Kf4 45. a4 Rxa4 46. c6
a5 47. c7 Rb4+ 48. Kc3 Rc4+ 49. Kd2 1-0

[Event "Mauricie op"]
[Site "Trois-Rivieres CAN"]
[Date "2013.03.18"]
[Round "5"]
[White "Roussel-Roozmon, Thomas"]
[Black "Robichaud, Louis"]
[Result "1/2-1/2"]
[WhiteElo "2466"]
[BlackElo "2053"]
[PlyCount "75"]
[EventDate "2013.03.15"]
[EventType "swiss"]
[EventRounds "5"]
[EventCountry "CAN"]

1. d4 Nf6 2. c4 g6 3. Nc3 Bg7 4. e4 d6 5. f3 O-O 6. Be3 c5 7. Nge2 Nc6 8. d5
Ne5 9. Ng3 e6 10. Be2 exd5 11. cxd5 a6 12. O-O Re8 13. a3 h5 14. Qd2 h4 15. Nh1
h3 16. g3 b5 17. b4 cxb4 18. axb4 Bd7 19. Nf2 a5 20. Rab1 Rc8 21. bxa5 Qxa5 22.
Nxb5 Qxd2 23. Bxd2 Bxb5 24. Rxb5 Rc2 25. Rd1 Ra8 26. Kf1 Raa2 27. Ke1 Nfd7 28.
f4 Nc5 29. fxe5 Bxe5 30. Rb8+ Kh7 31. Nxh3 Nxe4 32. Bd3 Rxd2 33. Rxd2 Nxd2 34.
Ng5+ Kg7 35. Rb7 Kf6 36. Nh7+ Kg7 37. Ng5 Kf6 38. Nh7+ 1/2-1/2

[Event "Quebec op inv."]
[Site "Montreal CAN"]
[Date "2011.07.23"]
[Round "1"]
[White "Roussel-Roozmon, Thomas"]
[Black "Bolduc, Steve"]
[Result "1/2-1/2"]
[WhiteElo "2491"]
[BlackElo "2230"]
[PlyCount "79"]
[EventDate "2011.07.23"]
[EventType "swiss"]
[EventRounds "9"]
[EventCountry "CAN"]

1. d4 Nf6 2. c4 e6 3. Nc3 Bb4 4. Qc2 d5 5. cxd5 Qxd5 6. Nf3 Qf5 7. Qxf5 exf5 8.
a3 Bd6 9. Bg5 Ne4 10. Nxe4 fxe4 11. Nd2 h6 12. Bh4 f5 13. e3 Be6 14. Nc4 Nc6
15. O-O-O Bd5 16. Be2 g5 17. Bg3 Ke7 18. b4 a6 19. Bxd6+ cxd6 20. Nb6 Ke6 21.
Nxa8 Rxa8 22. Kb2 Ne7 23. Rc1 Bc6 24. f3 Nd5 25. fxe4 fxe4 26. Bc4 Bb5 27. Bb3
Rf8 28. a4 Bd3 29. a5 Rf2+ 30. Ka3 Rxg2 31. h4 g4 32. Rhg1 Rh2 33. Rc7 Rxh4 34.
Rxb7 Rh3 35. Rxg4 Rxe3 36. Kb2 Re2+ 37. Kc1 Re1+ 38. Kb2 Re2+ 39. Kc1 Re1+ 40.
Kb2 1/2-1/2

[Event "Quebec op inv."]
[Site "Montreal CAN"]
[Date "2011.07.24"]
[Round "2"]
[White "Caire, Francois"]
[Black "Roussel-Roozmon, Thomas"]
[Result "1/2-1/2"]
[WhiteElo "2150"]
[BlackElo "2491"]
[PlyCount "55"]
[EventDate "2011.07.23"]
[EventType "swiss"]
[EventRounds "9"]
[EventCountry "CAN"]

1. d4 Nf6 2. c4 e6 3. Nc3 Bb4 4. e3 O-O 5. Bd3 d5 6. a3 Bxc3+ 7. bxc3 c5 8.
cxd5 exd5 9. Ne2 Nc6 10. O-O Re8 11. f3 Na5 12. Ng3 cxd4 13. cxd4 Be6 14. Bb2
Rc8 15. e4 Nc4 16. Bxc4 Rxc4 17. e5 Nd7 18. f4 f5 19. exf6 Nxf6 20. Qb3 Rc7 21.
f5 Bf7 22. Rae1 Rxe1 23. Rxe1 Ne4 24. Nxe4 dxe4 25. Qg3 Bd5 26. Rc1 Rxc1+ 27.
Bxc1 Qf6 28. Qb8+ 1/2-1/2

[Event "Quebec op inv."]
[Site "Montreal CAN"]
[Date "2011.07.24"]
[Round "3"]
[White "Roussel-Roozmon, Thomas"]
[Black "Leveille, Francois"]
[Result "0-1"]
[WhiteElo "2491"]
[BlackElo "2290"]
[PlyCount "80"]
[EventDate "2011.07.23"]
[EventType "swiss"]
[EventRounds "9"]
[EventCountry "CAN"]

1. c4 g6 2. e4 Bg7 3. d4 d6 4. Nc3 Nf6 5. f3 a6 6. Be3 Nc6 7. Nge2 Rb8 8. Qd2
O-O 9. Rc1 Bd7 10. Nd1 e6 11. Nf2 b6 12. g3 e5 13. d5 Ne7 14. b4 c6 15. Bg2 b5
16. dxc6 Bxc6 17. cxb5 axb5 18. O-O Ra8 19. Rfd1 Ra3 20. Bc5 Ne8 21. Nc3 Qa8
22. Bxd6 Nxd6 23. Qxd6 Re8 24. Ng4 Nc8 25. Qd2 h5 26. Nf2 Qa7 27. Bf1 Qb6 28.
Kg2 Kh7 29. Nd5 Qb7 30. Qb2 Ra8 31. Rc2 Ne7 32. Nxe7 Rxe7 33. Nd3 Qb6 34. a3
Rea7 35. Rc3 f5 36. Nc5 fxe4 37. Nxe4 Bxe4 38. fxe4 Rf7 39. Rc5 Qf6 40. Rc3 Rd8
0-1